|
|
|
|
| LEADER |
00000cam a2200000 4500 |
| 001 |
vtls012254819 |
| 003 |
SK-MaSNL |
| 005 |
20260302074206.0 |
| 008 |
240417s2024 xo al frnp 000 0 slo |
| 015 |
|
|
|a SNBA2024/05
|
| 020 |
|
|
|a 9788055227191
|q (brožované)
|
| 040 |
|
|
|a SNK
|b slo
|c SNK
|e rda
|
| 041 |
0 |
|
|a slo
|
| 044 |
|
|
|a xo
|c SK
|
| 072 |
|
7 |
|a 579
|x Mikrobiológia
|2 konspekt
|
| 072 |
|
7 |
|a 37.016
|x Učebné osnovy. Vyučovacie predmety. Učebnice
|2 konspekt
|
| 080 |
|
|
|a 579
|2 2011
|
| 080 |
|
|
|a 681.723
|2 2011
|
| 080 |
|
|
|a 578/579
|2 2011
|
| 080 |
|
|
|a 631.461/.467
|2 2011
|
| 080 |
|
|
|a 579.81/.87
|2 2011
|
| 080 |
|
|
|a 582.26/.27
|2 2011
|
| 080 |
|
|
|a 593.1
|2 2011
|
| 080 |
|
|
|a (076.5)
|2 2011
|
| 080 |
|
|
|a (075.8)
|2 2011
|
| 100 |
1 |
|
|a Javoreková, Soňa,
|d 1963-
|4 aut
|9 193087
|
| 245 |
1 |
0 |
|a Laboratórny manuál k predmetu mikrobiológia
|c Soňa Javoreková, Juraj Medo
|
| 250 |
|
|
|a Piate nezmenené vydanie
|
| 264 |
|
1 |
|a Nitra
|b Slovenská poľnohospodárska univerzita v Nitre
|c 2024
|
| 300 |
|
|
|a 123 strán
|b ilustrácie, tabuľky
|c 30 cm
|
| 336 |
|
|
|a text
|b txt
|2 rdacontent
|
| 337 |
|
|
|a bez média
|b n
|2 rdamedia
|
| 338 |
|
|
|a zväzok
|b nc
|2 rdacarrier
|
| 366 |
|
|
|e 300 kusov
|
| 504 |
|
|
|a Obsahuje bibliografiu na strane 100
|
| 650 |
0 |
7 |
|a mikrobiológia
|2 SNKPH
|9 3580
|
| 650 |
0 |
7 |
|a mikroskopy
|2 SNKPH
|9 51403
|
| 650 |
0 |
7 |
|a mikroorganizmy
|2 SNKPH
|9 15780
|
| 650 |
0 |
7 |
|a pôdne mikroorganizmy
|2 SNKPH
|9 72797
|
| 650 |
0 |
7 |
|a baktérie
|2 SNKPH
|9 737
|
| 650 |
0 |
7 |
|a riasy
|2 SNKPH
|9 3712
|
| 650 |
0 |
7 |
|a prvoky
|2 SNKPH
|9 16496
|
| 650 |
0 |
7 |
|a Microbiology
|2 SNKPHeng
|9 270714
|
| 650 |
0 |
7 |
|a Microscopes
|2 SNKPHeng
|9 569814
|
| 650 |
0 |
7 |
|a Microorganisms
|2 SNKPHeng
|9 328996
|
| 650 |
0 |
7 |
|a Soil microorganisms
|2 SNKPHeng
|9 331475
|
| 650 |
0 |
7 |
|a Bacteriums
|2 SNKPHeng
|9 406282
|
| 650 |
0 |
7 |
|a Algae
|2 SNKPHeng
|9 420232
|
| 650 |
0 |
7 |
|a Protozoa
|2 SNKPHeng
|9 569815
|
| 655 |
|
7 |
|a učebnice vysokých škôl
|2 SNKPH
|9 70191
|
| 655 |
|
7 |
|a laboratórne cvičenia
|2 SNKPH
|9 70629
|
| 655 |
|
7 |
|a Textbooks (higher)
|2 SNKPHeng
|9 276436
|
| 655 |
|
7 |
|a Laboratory manuals
|2 SNKPHeng
|9 306925
|
| 700 |
1 |
|
|a Medo, Juraj,
|d 1981-
|4 aut
|9 193088
|
| 710 |
2 |
|
|a Slovenská poľnohospodárska univerzita v Nitre.
|b Fakulta biotechnológie a potravinárstva.
|b Ústav biotechnológie
|4 pbl
|9 224782
|
| 852 |
|
|
|a Slovenská národná knižnica
|
| 919 |
|
|
|a 978-80-552-2719-1
|
| 954 |
|
|
|a odborná, vedecká literatúra pôvodná (slovenská)
|2 lita
|
| 958 |
|
|
|a NB
|
| 999 |
|
|
|c 1164052
|d 1165982
|
| 952 |
|
|
|a SNK
|b SNK
|y PREZ
|7 0
|p 17A1546026
|o snkSB 100280
|i snk2024/6405
|8 0
|0 0
|1 0
|4 0
|d 2024-04-23
|f 1
|l 0
|r 2025-05-19 00:00:00
|w 2026-02-24
|
| 952 |
|
|
|a SNK
|b SNK
|y VYP
|7 0
|p 17A1546027
|o snkSB 100280 D1
|i snk2024/6406
|8 3
|g 3.00
|0 0
|1 0
|4 0
|d 2024-04-23
|l 0
|r 2026-02-24 20:43:40
|w 2026-02-24
|